Juges invités dans Drag Race France S1 - Statistiques

Statistiques générales
  • Ce quiz a été pris 18 fois
  • Le résultat moyen est 5 sur 14
Statistiques - réponses
saison 1 Juges invités % Correct
épisode 1 Jean Paul Gaultier
75%
épisode 4 Bilal Hassani
63%
épisode 1 Iris Mittenaere
50%
épisode 7 Loïc Prigent
44%
épisode 8 Olivier Rousteing
44%
épisode 5 Shy'm
44%
épisode 2 Marianne James
38%
épisode 6 Yseult
38%
épisode 3 Chantal Thomass
25%
épisode 8 Nicolas Huchard
25%
épisode 7 Raya
19%
épisode 5 Yanis Marshall
19%
épisode 3 Véronique Philipponat
13%
épisode 6 Alexandre Mattiussi
6%
Aucun quiz correspondant
Distribution des résultats
% des personnes avec chaque résultat
Percentile par nombre de réponses
Votre historique - résultats
Vous n’avez pas pris ce quiz